Key to Regular & Multicolor Edition of High School English Grammar & Composition / (Record no. 499)

000 -LEADER
fixed length control field 00783nam a2200229 a 4500
008 - FIXED-LENGTH DATA ELEMENTS--GENERAL INFORMATION
fixed length control field 190903r19942013ii a|||gr|||| 000 0 eng d
020 ## - INTERNATIONAL STANDARD BOOK NUMBER
International Standard Book Number 9788121924894
Terms of availability Rs. 105.00
040 ## - CATALOGING SOURCE
Original cataloging agency IMU Kochi Library
Language of cataloging eng
041 0# - LANGUAGE CODE
Language code of text/sound track or separate title eng
044 ## - COUNTRY OF PUBLISHING/PRODUCING ENTITY CODE
MARC country code India
082 04 - DEWEY DECIMAL CLASSIFICATION NUMBER
Edition number 23
Classification number 425
Item number W926
100 1# - MAIN ENTRY--PERSONAL NAME
Personal name Wren, P. C.
245 10 - TITLE STATEMENT
Title Key to Regular & Multicolor Edition of High School English Grammar & Composition /
260 ## - PUBLICATION, DISTRIBUTION, ETC. (IMPRINT)
Place of publication, distribution, etc New Delhi :
Name of publisher, distributor, etc S. Chand & Company Pvt Ltd,
Date of publication, distribution, etc 1994, Reprinted 2013
300 ## - PHYSICAL DESCRIPTION
Extent 140 p. :
Other physical details ill. ;
Dimensions 24 cm.
650 #0 - SUBJECT ADDED ENTRY--TOPICAL TERM
Topical term or geographic name as entry element English language
General subdivision Grammar
Form subdivision Textbooks
650 #0 - SUBJECT ADDED ENTRY--TOPICAL TERM
Topical term or geographic name as entry element English language
General subdivision  Composition and exercises
Form subdivision Textbooks
700 ## - ADDED ENTRY--PERSONAL NAME
Personal name Martin, H.
Relator term Joint Author
700 ## - ADDED ENTRY--PERSONAL NAME
Personal name Rao, N. D. V. Prasada
Relator term Joint Author
852 ## - LOCATION/CALL NUMBER
Location IMU Kochi Library
942 ## - ADDED ENTRY ELEMENTS (KOHA)
Item type Books
Holdings
Withdrawn status Lost status Source of classification or shelving scheme Damaged status Not for loan Collection code Permanent location Current location Shelving location Date acquired Source of acquisition Cost, normal purchase price Full call number Barcode Date last seen Koha item type Public note
          English IMU Kochi Library IMU Kochi Library General Stacks 2010-10-29 Educational Publishers & Distributors (Inv No.IN118 Dt 2010-10-29 105.00 425 W926 BK000037 2019-09-03 Books Gen. Shelf-7, Row-2


Copyright © All Rights Reserved by Indian Maritime University, Kochi Campus.
For any Suggestions/Query Contact to library or Email: library.kochi@imu.ac.in Ph:(0484)-2989402
(Web OPAC Designed by Rudra Ranjan. Maintained by IMU Kochi Library)

Powered by Koha